[Event "Vojvodina Cup-chT"]
[Site "Senta"]
[Date "2025.04.25"]
[Round "2.2"]
[White "Peczely, Sebastian Zsombor"]
[Black "Mijatovic, Dejan"]
[Result "1-0"]
[WhiteElo "2306"]
[BlackElo "2168"]
[PlyCount "43"]
[EventDate "2025.04.24"]
[EventType "team-swiss"]
[EventRounds "5"]
[EventCountry "SRB"]
[SourceTitle "CB18_2025"]
[SourceDate "2025.04.30"]
[SourceVersion "1"]
[SourceVersionDate "2025.04.30"]
[SourceQuality "1"]
[WhiteTeam "Coka Proleter"]
[BlackTeam "Stara Pazova"]
[WhiteTeamCountry "SRB"]
[BlackTeamCountry "SRB"]

1. e4 c5 2. Nf3 d6 3. d4 cxd4 4. Nxd4 Nf6 5. Nc3 a6 6. Qe2 e5 7. Nf5 d5 8. Bg5 d4 9. 0-0-0 Qa5 10. Bxf6 gxf6 11. Qc4 Be6 12. Nd5 Nc6 13. Qb3 Nb4 14. Bc4 Bxd5 15. Bxd5 Nxd5 16. Qxb7 Nc7 17. Qc6+ Kd8 18. Qxf6+ Kd7 19. Kb1 Rb8 20. Nxd4 exd4 21. Rxd4+ Ke8 22. Qc6+ 1-0

[Event "Titled Tuesday intern op 01st Apr Early"]
[Site "Chess.com INT"]
[Date "2025.04.01"]
[Round "3"]
[White "Gelman, Alexander"]
[Black "Peczely, Sebastian Zsombor"]
[Result "1-0"]
[WhiteElo "2403"]
[BlackElo "2315"]
[PlyCount "69"]
[EventDate "2025.04.01"]
[EventType "swiss (blitz)"]
[EventRounds "11"]
[EventCountry "USA"]
[SourceTitle "CB15_2025"]
[SourceDate "2025.04.09"]
[SourceVersion "1"]
[SourceVersionDate "2025.04.09"]
[SourceQuality "1"]

1. d4 Nf6 2. Nc3 d5 3. Bf4 c5 4. e3 cxd4 5. exd4 a6 6. Nf3 Nc6 7. Ne5 Bf5 8. g4 Bg6 9. h4 Nxe5 10. dxe5 Ne4 11. Nxe4 Bxe4 12. f3 Qb6 13. fxe4 Qb4+ 14. Qd2 Qxe4+ 15. Kf2 e6 16. Bg2 Bc5+ 17. Kg3 Qa4 18. b3 Qb5 19. c4 dxc4 20. bxc4 Qa4 21. Qd1 Qa3+ 22. Qb3 Qa5 23. Qxb7 0-0 24. Rhd1 Rab8 25. Qf3 Rb2 26. Rab1 Rc2 27. Rdc1 Rxa2 28. Rb7 Rd8 29. Kh2 Ra3 30. Qe2 Rad3 31. Rcb1 h6 32. g5 R3d4 33. Bg3 Rd2 34. Qf3 Qa2 35. Qxf7+ 1-0

[Event "Titled Tuesday intern op 01st Apr Early"]
[Site "Chess.com INT"]
[Date "2025.04.01"]
[Round "2"]
[White "Peczely, Sebastian Zsombor"]
[Black "Kjaergaard Jensen, Jesper"]
[Result "1-0"]
[WhiteElo "2315"]
[BlackElo "2081"]
[PlyCount "99"]
[EventDate "2025.04.01"]
[EventType "swiss (blitz)"]
[EventRounds "11"]
[EventCountry "USA"]
[SourceTitle "CB15_2025"]
[SourceDate "2025.04.09"]
[SourceVersion "1"]
[SourceVersionDate "2025.04.09"]
[SourceQuality "1"]

1. e4 Nf6 2. e5 Nd5 3. c4 Nb6 4. d4 d6 5. f4 dxe5 6. fxe5 c5 7. d5 e6 8. Nc3 exd5 9. cxd5 c4 10. Be3 Bb4 11. Bxb6 Qxb6 12. Bxc4 Qe3+ 13. Nge2 0-0 14. Qd4 Qg5 15. 0-0 Nd7 16. Ne4 Qxe5 17. Rad1 Ba5 18. Kh1 Bb6 19. Qxe5 Nxe5 20. Bb3 Bg4 21. N4g3 h5 22. h3 h4 23. hxg4 hxg3 24. Rf4 Bf2 25. Nc3 g5 26. Rf5 f6 27. Ne4 Nxg4 28. Rd3 Kg7 29. Rxg3 Rh8+ 30. Rh3 Bh4 31. Kg1 Rae8 32. Bc2 Rc8 33. Nc3 Rhe8 34. g3 Re1+ 35. Rf1 Re3 36. Kg2 Rh8 37. gxh4 Rxh3 38. Kxh3 Rxh4+ 39. Kg3 Ne3 40. Rf2 Kh6 41. Kf3 Nxd5 42. Nxd5 Rf4+ 43. Nxf4 gxf4 44. Kxf4 Kg7 45. Rg2+ Kf7 46. Kf5 Ke7 47. Rg7+ Kd6 48. Kxf6 Kc5 49. Rxb7 Kd4 50. Rxa7 1-0

[Event "Titled Tuesday intern op 11th Feb Early"]
[Site "Chess.com INT"]
[Date "2025.02.11"]
[Round "1"]
[White "Tabatabaei, Mohammad Amin"]
[Black "Peczely, Sebastian Zsombor"]
[Result "1-0"]
[WhiteElo "2666"]
[BlackElo "2315"]
[PlyCount "75"]
[EventDate "2025.02.11"]
[EventType "swiss (blitz)"]
[EventRounds "11"]
[EventCountry "USA"]
[SourceTitle "CB08_2025"]
[SourceDate "2025.02.19"]
[SourceVersion "1"]
[SourceVersionDate "2025.02.19"]
[SourceQuality "1"]

1. Nf3 c5 2. c4 Nc6 3. Nc3 g6 4. e3 Bg7 5. d4 d6 6. Be2 Bg4 7. d5 Bxc3+ 8. bxc3 Bxf3 9. gxf3 Ne5 10. Rb1 b6 11. f4 Nd7 12. h4 f5 13. h5 gxh5 14. Bxh5+ Kf8 15. Qd3 Ndf6 16. Qxf5 Qd7 17. Bg4 Qxf5 18. Bxf5 h5 19. f3 Nh6 20. Be6 Nf7 21. Kf2 Nd8 22. Bf5 e6 23. Bxe6 Nxe6 24. dxe6 Ke7 25. f5 d5 26. cxd5 Nxd5 27. e4 Nxc3 28. Bg5+ Kd6 29. Rbc1 Nxa2 30. Rcd1+ Kc6 31. f6 Nc3 32. Rd3 Nb5 33. f7 c4 34. Rc1 Kc5 35. Be7+ Kc6 36. Rxc4+ Kb7 37. Rd7+ Ka6 38. Ra4# 1-0

[Event "HUN-chT 2425"]
[Site "Hungary"]
[Date "2024.12.14"]
[Round "3.4"]
[White "Peczely, Sebastian Zsombor"]
[Black "Acs, Peter"]
[Result "1-0"]
[WhiteElo "2306"]
[BlackElo "2585"]
[PlyCount "95"]
[EventDate "2024.11.02"]
[EventType "team-tourn"]
[EventRounds "9"]
[EventCountry "HUN"]
[SourceTitle "CB16_2025"]
[SourceDate "2025.04.16"]
[SourceVersion "1"]
[SourceVersionDate "2025.04.16"]
[SourceQuality "1"]
[WhiteTeam "Maroczy"]
[BlackTeam "Paks"]
[WhiteTeamCountry "HUN"]
[BlackTeamCountry "HUN"]

1. e4 c5 2. Nf3 e6 3. d4 cxd4 4. Nxd4 Nc6 5. Nc3 Qc7 6. Be3 a6 7. Qf3 Nf6 8. 0-0-0 d6 9. Nxc6 bxc6 10. g4 Rb8 11. Kb1 Be7 12. g5 Nd7 13. Qg3 Qa5 14. Bd2 Qb6 15. b3 Nc5 16. Bf4 e5 17. Be3 Qb4 18. Bd2 Qb7 19. Bc4 Be6 20. Bxe6 Nxe6 21. Bc1 0-0 22. h4 f5 23. Qh3 Nd4 24. f4 fxe4 25. Nxe4 c5 26. Rhe1 exf4 27. Bb2 Rf7 28. h5 Qc8 29. Qd3 Qf5 30. Bxd4 cxd4 31. Qxd4 Bxg5 32. Nxd6 Qd7 33. Nxf7 Qxd4 34. Rxd4 Kxf7 35. Rd7+ Kf6 36. Rd6+ Kf5 37. Rd5+ Kf6 38. c4 g6 39. hxg6 hxg6 40. Kc2 Bh4 41. Rf1 g5 42. Kd3 Re8 43. c5 Re3+ 44. Kd2 Ke6 45. Rd3 Re5 46. c6 Rc5 47. Rc1 Bf2 48. Rxc5 1-0

[Event "Titled Tuesday intern op 17th Sep Late"]
[Site "Chess,com INT"]
[Date "2024.09.17"]
[Round "8"]
[White "Peczely, Sebastian Zsombor"]
[Black "Wu, Derek"]
[Result "1-0"]
[WhiteElo "2297"]
[BlackElo "2232"]
[PlyCount "133"]
[EventDate "2024.09.17"]
[EventType "swiss (blitz)"]
[EventRounds "11"]
[EventCountry "USA"]
[SourceTitle "EXT 2025"]
[Source "ChessBase"]
[SourceDate "2024.10.14"]
[SourceVersion "1"]
[SourceVersionDate "2024.10.14"]
[SourceQuality "1"]

1. e4 c5 2. Nf3 e6 3. d4 cxd4 4. Nxd4 a6 5. c4 Nf6 6. Nc3 Qc7 7. Be2 b6 8. 0-0 Bb7 9. f3 Nc6 10. Be3 Bd6 11. h3 Nxd4 12. Qxd4 Bc5 13. Qd2 Qf4 14. Nd1 d5 15. exd5 exd5 16. Rf2 Bxe3 17. Qxe3+ Qxe3 18. Nxe3 0-0-0 19. Rc1 Kb8 20. cxd5 Nxd5 21. Nxd5 Rxd5 22. Bd1 Rc8 23. Rxc8+ Kxc8 24. Bb3 Rd7 25. Re2 Kd8 26. Kf2 Bd5 27. Bxd5 Rxd5 28. h4 Kd7 29. g4 h5 30. Kg3 hxg4 31. fxg4 Rd3+ 32. Kf4 Rd4+ 33. Re4 Rd2 34. Rb4 b5 35. h5 Kc6 36. Rb3 a5 37. Kg5 b4 38. a3 Kc5 39. axb4+ axb4 40. Rf3 Rd5+ 41. Rf5 b3 42. Rxd5+ Kxd5 43. Kf5 Kd4 44. g5 g6+ 45. hxg6 fxg6+ 46. Kxg6 Kd3 47. Kf7 Kc2 48. g6 Kxb2 49. g7 Ka1 50. g8Q b2 51. Qh8 Ka2 52. Qa8+ Kb3 53. Qb7+ Kc2 54. Qc6+ Kb3 55. Qb5+ Kc3 56. Ke6 Kc2 57. Qc4+ Kd2 58. Qb3 Kc1 59. Qc3+ Kb1 60. Kd5 Ka2 61. Qa5+ Kb3 62. Qb5+ Ka2 63. Qa4+ Kb1 64. Kc4 Kc1 65. Qa3 Kc2 66. Qc3+ Kb1 67. Kb3 1-0

[Event "Titled Tuesday intern op 17th Sep Late"]
[Site "Chess,com INT"]
[Date "2024.09.17"]
[Round "2"]
[White "Shapiro, Daniel E"]
[Black "Peczely, Sebastian Zsombor"]
[Result "0-1"]
[WhiteElo "2284"]
[BlackElo "2297"]
[PlyCount "62"]
[EventDate "2024.09.17"]
[EventType "swiss (blitz)"]
[EventRounds "11"]
[EventCountry "USA"]
[SourceTitle "EXT 2025"]
[Source "ChessBase"]
[SourceDate "2024.10.14"]
[SourceVersion "1"]
[SourceVersionDate "2024.10.14"]
[SourceQuality "1"]

1. d4 d5 2. c4 dxc4 3. e4 e5 4. Nf3 exd4 5. Bxc4 Bb4+ 6. Nbd2 Nf6 7. Bxf7+ Kxf7 8. Qb3+ Nd5 9. 0-0 Na6 10. exd5 Re8 11. Nc4 Kg8 12. d6 cxd6 13. Nxd4 d5 14. Ne3 Bd6 15. Qxd5+ Kh8 16. Nb5 Rxe3 17. Nxd6 Be6 18. Nf7+ Bxf7 19. Qxf7 Re7 20. Qh5 Qb6 21. b3 Rd7 22. Bb2 Nc5 23. Rad1 Nd3 24. Bc3 Rad8 25. Rd2 Nc5 26. Rxd7 Nxd7 27. Rd1 Qc7 28. Qf7 Qxc3 29. h3 Qc7 30. Re1 Rf8 31. Re8 Qc5 0-1

[Event "Titled Tuesday intern op 27th Aug Early"]
[Site "Chess.com INT"]
[Date "2024.08.27"]
[Round "4"]
[White "Peczely, Sebastian Zsombor"]
[Black "Sasvatha, A."]
[Result "0-1"]
[WhiteElo "2297"]
[BlackElo "1839"]
[PlyCount "72"]
[EventDate "2024.08.27"]
[EventType "swiss (blitz)"]
[EventRounds "11"]
[EventCountry "USA"]
[SourceTitle "EXT 2025"]
[Source "ChessBase"]
[SourceDate "2024.10.14"]
[SourceVersion "1"]
[SourceVersionDate "2024.10.14"]
[SourceQuality "1"]

1. e4 c6 2. b3 d5 3. Bb2 dxe4 4. Nc3 Bf5 5. Nge2 Nf6 6. Ng3 Bg6 7. Qe2 e3 8. 0-0-0 exf2 9. h4 h6 10. h5 Bh7 11. Qxf2 e6 12. d4 Qa5 13. Kb1 Bb4 14. Na4 Nbd7 15. Bd3 Bxd3 16. Rxd3 Bd6 17. c4 Qc7 18. Re1 0-0-0 19. Bc1 c5 20. Ne4 Nxe4 21. Rxe4 Nf6 22. Re1 cxd4 23. Qxd4 Qb8 24. Red1 Bc7 25. Qf2 Rxd3 26. Rxd3 Rd8 27. Rxd8+ Bxd8 28. Bf4 e5 29. Qc5+ Qc7 30. Qxa7 exf4 31. Qd4 Nxh5 32. Qd5 Nf6 33. Qf5+ Kb8 34. Nc3 g6 35. Qd3 Qd7 36. Qf3 Qg4 0-1

[Event "Titled Tuesday intern op 09th Jul Early"]
[Site "Chess.com INT"]
[Date "2024.07.09"]
[Round "1"]
[White "Guevara Sanchez, Erick Marvin"]
[Black "Peczely, Sebastian Zsombor"]
[Result "0-1"]
[WhiteElo "2040"]
[BlackElo "2297"]
[PlyCount "66"]
[EventDate "2024.07.09"]
[EventType "swiss (blitz)"]
[EventRounds "11"]
[EventCountry "USA"]
[SourceTitle "EXT 2025"]
[Source "ChessBase"]
[SourceDate "2024.10.14"]
[SourceVersion "1"]
[SourceVersionDate "2024.10.14"]
[SourceQuality "1"]

1. e4 c5 2. Nf3 Nc6 3. d4 cxd4 4. Nxd4 e5 5. Nb5 d6 6. c4 Nf6 7. N1c3 a6 8. Na3 g6 9. Nc2 Bg7 10. Be3 0-0 11. f3 Be6 12. Be2 Rc8 13. b3 b5 14. cxb5 axb5 15. Bxb5 d5 16. exd5 Nxd5 17. Nxd5 Qa5+ 18. Qd2 Qxb5 19. Nc3 Qa6 20. Ne4 Rfd8 21. Nc5 Rxd2 22. Nxa6 Rxc2 23. Nc5 e4 24. Rd1 exf3 25. gxf3 Rxa2 26. Ne4 Bxb3 27. Rc1 Bb2 28. 0-0 Bxc1 29. Rxc1 Be6 30. Nd6 Rb8 31. Rxc6 Rb1+ 32. Bc1 Raa1 33. Rc8+ Bxc8 0-1

[Event "Titled Tuesday intern op 09th Jul Early"]
[Site "Chess.com INT"]
[Date "2024.07.09"]
[Round "3"]
[White "Peczely, Sebastian Zsombor"]
[Black "Palmer, Reegan"]
[Result "0-1"]
[WhiteElo "2297"]
[BlackElo "1970"]
[PlyCount "82"]
[EventDate "2024.07.09"]
[EventType "swiss (blitz)"]
[EventRounds "11"]
[EventCountry "USA"]
[SourceTitle "EXT 2025"]
[Source "ChessBase"]
[SourceDate "2024.10.14"]
[SourceVersion "1"]
[SourceVersionDate "2024.10.14"]
[SourceQuality "1"]

1. e4 c5 2. Nf3 d6 3. Bb5+ Nd7 4. 0-0 a6 5. Bd3 Ngf6 6. c3 g6 7. Bc2 Bg7 8. Re1 0-0 9. d4 cxd4 10. cxd4 e5 11. d5 Qc7 12. Nc3 b5 13. b4 Qxc3 14. Bd2 Qc7 15. Bd3 Nb6 16. Qe2 Bg4 17. Rec1 Qb7 18. Rc6 Bd7 19. Rxd6 Qc7 20. Rxb6 Qxb6 21. Be3 Qb8 22. Bc5 Rc8 23. Qb2 Re8 24. h3 Bf8 25. Be3 Bd6 26. g4 Qb7 27. Kg2 Rac8 28. Kg3 h5 29. g5 Nh7 30. h4 Rcd8 31. Nd2 Bc8 32. f3 Qd7 33. Kf2 Qh3 34. Rg1 Qxh4+ 35. Kf1 Bh3+ 36. Ke2 Rc8 37. Bf2 Qf4 38. Rh1 Nxg5 39. Be3 Qg3 40. Bxg5 Qg2+ 41. Ke3 Qxg5+ 0-1

[Event "Titled Tuesday intern op 09th Jul Early"]
[Site "Chess.com INT"]
[Date "2024.07.09"]
[Round "6"]
[White "Peczely, Sebastian Zsombor"]
[Black "Reprintsev, Alexander"]
[Result "1/2-1/2"]
[WhiteElo "2297"]
[BlackElo "2230"]
[PlyCount "119"]
[EventDate "2024.07.09"]
[EventType "swiss (blitz)"]
[EventRounds "11"]
[EventCountry "USA"]
[SourceTitle "EXT 2025"]
[Source "ChessBase"]
[SourceDate "2024.10.14"]
[SourceVersion "1"]
[SourceVersionDate "2024.10.14"]
[SourceQuality "1"]

1. e4 d5 2. exd5 Qxd5 3. Nc3 Qa5 4. d4 Nf6 5. Nf3 Nc6 6. Bc4 Bg4 7. h3 Qh5 8. 0-0 Bxf3 9. Qxf3 Qxf3 10. gxf3 Nxd4 11. Be3 Nxf3+ 12. Kg2 Nh4+ 13. Kh1 e6 14. Nb5 Bd6 15. Rad1 0-0 16. Nxa7 Nf5 17. Nb5 Nxe3 18. fxe3 Be5 19. c3 Nd5 20. Bxd5 exd5 21. Rxd5 Rfe8 22. Rd7 Rxa2 23. Nxc7 Bxc7 24. Rxc7 Rxb2 25. Rfxf7 Rxe3 26. Rxg7+ Kf8 27. Rgf7+ Ke8 28. Rg7 Kf8 29. Rgf7+ Ke8 30. Kg1 Rg3+ 31. Kf1 Rxh3 32. Rfe7+ Kf8 33. Rf7+ Kg8 34. Rg7+ Kh8 35. Rg1 Rf3+ 36. Ke1 Rf8 37. Rgg7 Rh2 38. Rxb7 Re8+ 39. Kd1 Rd8+ 40. Kc1 Rf8 41. Rgf7 Rxf7 42. Rxf7 Kg8 43. Rf1 h5 44. c4 Rh4 45. Kd2 Rxc4 46. Rh1 Rc5 47. Ke3 Kg7 48. Kf4 Kh6 49. Kg3 Kg5 50. Kh2 Rc2+ 51. Kh3 Rc3+ 52. Kh2 Kh4 53. Rg1 Rc2+ 54. Rg2 Rxg2+ 55. Kxg2 Kg4 56. Kh2 h4 57. Kh1 h3 58. Kh2 Kg5 59. Kh1 h2 60. Kxh2 1/2-1/2

[Event "Titled Tuesday intern op 25th Jun Late"]
[Site "Chess.com INT"]
[Date "2024.06.25"]
[Round "2"]
[White "Peczely, Sebastian Zsombor"]
[Black "Rostomyan, Mikayel"]
[Result "1/2-1/2"]
[WhiteElo "2297"]
[BlackElo "2320"]
[PlyCount "159"]
[EventDate "2024.06.25"]
[EventType "swiss (blitz)"]
[EventRounds "11"]
[EventCountry "USA"]
[SourceTitle "EXT 2025"]
[Source "ChessBase"]
[SourceDate "2024.10.14"]
[SourceVersion "1"]
[SourceVersionDate "2024.10.14"]
[SourceQuality "1"]

1. e4 c5 2. Nf3 Nc6 3. Bb5 g6 4. 0-0 Bg7 5. c3 Nf6 6. Re1 0-0 7. d4 d5 8. e5 Ne4 9. Nbd2 Qb6 10. Bd3 Nxd2 11. Bxd2 cxd4 12. cxd4 Nxd4 13. Nxd4 Qxd4 14. Bc3 Qb6 15. Bf1 Rd8 16. Bd4 Qa5 17. Bc3 Qc7 18. Rc1 Bf5 19. Qb3 Qb6 20. Qxb6 axb6 21. Bd4 Rxa2 22. Bxb6 Rc8 23. Rxc8+ Bxc8 24. Rc1 Bd7 25. Bd4 Bc6 26. f4 Ra4 27. Rd1 e6 28. Kf2 Bf8 29. Ke3 Be7 30. g3 Kg7 31. g4 h6 32. Bd3 f6 33. Bc2 Ra8 34. f5 exf5 35. gxf5 g5 36. h4 fxe5 37. Bxe5+ Bf6 38. Bxf6+ Kxf6 39. hxg5+ hxg5 40. Kd4 Rh8 41. Re1 Rh4+ 42. Kc3 Rc4+ 43. Kd2 g4 44. Re6+ Kg5 45. Rg6+ Kh4 46. f6 Rf4 47. Ke3 Rf3+ 48. Kd4 Rf2 49. Bd3 g3 50. Rh6+ Kg4 51. Rg6+ Kh3 52. Rh6+ Kg2 53. Ke5 Rf3 54. Bf5 Kf2 55. f7 Bd7 56. Bxd7 Rxf7 57. Bh3 Rf3 58. Kxd5 Rb3 59. Rf6+ Kg1 60. Rg6 Kh2 61. Bf1 Rxb2 62. Rf6 Rf2 63. Rxf2+ gxf2 64. Kc5 Kg1 65. Bd3 Kg2 66. Kb6 Kf3 67. Kxb7 Ke3 68. Bb5 Kd2 69. Ba6 Kc3 70. Bb5 Kd4 71. Ba6 Ke3 72. Bf1 Kd2 73. Bh3 Ke1 74. Bg2 Ke2 75. Bh3 Kf3 76. Bf1 Kg3 77. Bd3 Kh2 78. Bc4 Kg1 79. Bb5 f1Q 80. Bxf1 1/2-1/2

[Event "Titled Tuesday intern op 04th Jun Early"]
[Site "Chess.com INT"]
[Date "2024.06.04"]
[Round "1"]
[White "Antonio, Jorge Carlos"]
[Black "Peczely, Sebastian Zsombor"]
[Result "0-1"]
[WhiteElo "2277"]
[BlackElo "2297"]
[PlyCount "92"]
[EventDate "2024.06.04"]
[EventType "swiss (blitz)"]
[EventRounds "11"]
[EventCountry "USA"]
[SourceTitle "EXT 2025"]
[Source "ChessBase"]
[SourceDate "2024.10.14"]
[SourceVersion "1"]
[SourceVersionDate "2024.10.14"]
[SourceQuality "1"]

1. d4 d5 2. Nf3 c5 3. e3 Nc6 4. c3 Nf6 5. Be2 e6 6. 0-0 Bd6 7. Nbd2 0-0 8. dxc5 Bxc5 9. b4 Bd6 10. a4 e5 11. b5 Na5 12. c4 e4 13. Nd4 dxc4 14. Nxc4 Nxc4 15. Bxc4 Qc7 16. Be2 Bxh2+ 17. Kh1 Be5 18. Ba3 Rd8 19. Rc1 Qd7 20. g3 Qh3+ 21. Kg1 Bxg3 22. fxg3 Qxg3+ 23. Kh1 Qh3+ 24. Kg1 Qxe3+ 25. Rf2 Rxd4 26. Qc2 Qxa3 27. Qxc8+ Rxc8 28. Rxc8+ Qf8 29. Rxf8+ Kxf8 30. a5 Rd2 31. Bf1 Rxf2 32. Kxf2 b6 33. axb6 axb6 34. Ke3 Ke7 35. Kf4 Kd6 36. Bc4 Kc5 37. Bxf7 Kxb5 38. Bb3 Kb4 39. Bd1 b5 40. Ke5 Kc3 41. Ke6 b4 42. Kf7 b3 43. Kxg7 b2 44. Kxf6 b1Q 45. Bg4 e3 46. Be6 Qg6+ 0-1

[Event "Titled Tuesday intern op 04th Jun Early"]
[Site "Chess.com INT"]
[Date "2024.06.04"]
[Round "8"]
[White "Peczely, Sebastian Zsombor"]
[Black "Castillo Sevilla, Ian Eiffel"]
[Result "0-1"]
[WhiteElo "2297"]
[BlackElo "2095"]
[PlyCount "116"]
[EventDate "2024.06.04"]
[EventType "swiss (blitz)"]
[EventRounds "11"]
[EventCountry "USA"]
[SourceTitle "EXT 2025"]
[Source "ChessBase"]
[SourceDate "2024.10.14"]
[SourceVersion "1"]
[SourceVersionDate "2024.10.14"]
[SourceQuality "1"]

1. e4 c5 2. Nf3 g6 3. d4 cxd4 4. Nxd4 Bg7 5. c4 Nc6 6. Be3 Nf6 7. Nc3 0-0 8. Be2 Nxd4 9. Bxd4 d6 10. 0-0 Bd7 11. Qd2 Bc6 12. f3 Nd7 13. Be3 a5 14. b3 Qb8 15. Rac1 Rc8 16. Rfd1 Be5 17. Bf1 Nc5 18. Qf2 Ne6 19. Nd5 Bxd5 20. cxd5 Nf8 21. Ba7 Rxc1 22. Bxb8 Rxd1 23. Qe2 Rc1 24. Qe3 Rc3 25. Qd2 Rxb8 26. f4 Bg7 27. e5 Rbc8 28. Bc4 R3xc4 29. bxc4 Rxc4 30. Qxa5 dxe5 31. Qb5 Rc7 32. g3 exf4 33. gxf4 Bd4+ 34. Kf1 Bc5 35. Ke2 Bd6 36. Kf3 Nd7 37. a4 Nf6 38. h4 h5 39. a5 Kg7 40. Qb3 Rc5 41. Qxb7 Rxa5 42. f5 Rxd5 43. fxg6 fxg6 44. Qa8 Rf5+ 45. Kg2 Ng4 46. Qa7 Nf6 47. Qa1 Be5 48. Qe1 Bd6 49. Qe6 Re5 50. Qc8 Nd5 51. Qc4 Ne3+ 52. Kf3 Nxc4 53. Kf2 Nb6 54. Kf3 Nd5 55. Kg2 Nf6 56. Kf3 Re4 57. Kg2 Rg4+ 58. Kf3 Rxh4 0-1

[Event "Titled Tuesday intern op 04th Jun Early"]
[Site "Chess.com INT"]
[Date "2024.06.04"]
[Round "3"]
[White "Peczely, Sebastian Zsombor"]
[Black "Samunenkov, Igor"]
[Result "0-1"]
[WhiteElo "2297"]
[BlackElo "2532"]
[PlyCount "140"]
[EventDate "2024.06.04"]
[EventType "swiss (blitz)"]
[EventRounds "11"]
[EventCountry "USA"]
[SourceTitle "EXT 2025"]
[Source "ChessBase"]
[SourceDate "2024.10.14"]
[SourceVersion "1"]
[SourceVersionDate "2024.10.14"]
[SourceQuality "1"]

1. e4 c6 2. Nf3 d5 3. Nc3 dxe4 4. Nxe4 Nf6 5. Qe2 Na6 6. d4 Nxe4 7. Qxe4 Qd5 8. Qxd5 cxd5 9. Ne5 Nb8 10. c4 f6 11. Nf3 Be6 12. c5 Nc6 13. Bd2 Bg4 14. Bc3 e5 15. dxe5 Bxf3 16. gxf3 d4 17. Bd2 Nxe5 18. b4 Nxf3+ 19. Ke2 Ne5 20. f4 Nc4 21. Bc1 0-0-0 22. Kd3 Ne3 23. Bh3+ f5 24. Bxe3 dxe3+ 25. Kxe3 g6 26. Rad1 Bh6 27. Kf3 Rhe8 28. Rxd8+ Kxd8 29. Rd1+ Kc7 30. Rd4 Bg7 31. Rc4 Re1 32. Bg2 Rd1 33. Kg3 Rd3+ 34. Bf3 Ra3 35. b5 Rxa2 36. b6+ axb6 37. cxb6+ Kxb6 38. Rb4+ Kc5 39. Rxb7 Bd4 40. Rxh7 Bf2+ 41. Kh3 Bg1 42. Rg7 Rxh2+ 43. Kg3 Rh6 44. Rg8 Bh2+ 45. Kg2 Bxf4 46. Rf8 Kd6 47. Rf6+ Ke7 48. Ra6 Be5 49. Bd5 Bd6 50. Bf3 g5 51. Ra7+ Ke6 52. Ra5 g4 53. Bd5+ Kf6 54. Bc4 Kg5 55. Rd5 Rf6 56. Bd3 Bf4 57. Kf2 Rf7 58. Kg2 Rf8 59. Kf2 Bc1 60. Kg2 Bb2 61. Kf2 Bg7 62. Kg2 Bh6 63. Kf2 Kg6 64. Rd6+ Kh5 65. Rd5 Kg5 66. Kg2 Kf4 67. Kf2 Bg7 68. Kg2 Be5 69. Ra5 Rd8 70. Ra4+ Kg5 0-1

[Event "Titled Tuesday intern op 28th May Late"]
[Site "Chess.com INT"]
[Date "2024.05.28"]
[Round "5"]
[White "Martinez Ramirez, Lennis"]
[Black "Peczely, Sebastian Zsombor"]
[Result "0-1"]
[WhiteElo "2449"]
[BlackElo "2297"]
[PlyCount "52"]
[EventDate "2024.05.28"]
[EventType "swiss (blitz)"]
[EventRounds "11"]
[EventCountry "USA"]
[SourceTitle "EXT 2025"]
[Source "ChessBase"]
[SourceDate "2024.10.14"]
[SourceVersion "1"]
[SourceVersionDate "2024.10.14"]
[SourceQuality "1"]

1. d4 Nf6 2. Nf3 c5 3. d5 g6 4. c4 b5 5. Nc3 b4 6. Na4 d6 7. b3 Bg7 8. Bb2 0-0 9. g3 Bd7 10. Qc2 Qa5 11. Nd2 Bxa4 12. bxa4 Nbd7 13. Bh3 Nb6 14. 0-0 Qxa4 15. Nb3 Qa6 16. Rfc1 Na4 17. Rab1 Nxb2 18. Rxb2 Ne4 19. Bd7 Bxb2 20. Qxb2 Nc3 21. Rxc3 bxc3 22. Qxc3 Qxa2 23. Na5 Qxe2 24. h4 h5 25. Nc6 Rab8 26. Qa1 Rb2 0-1

[Event "Titled Tuesday intern op 07th May Early"]
[Site "Chess.com INT"]
[Date "2024.05.07"]
[Round "2"]
[White "Skvortsov, Andrei"]
[Black "Peczely, Sebastian Zsombor"]
[Result "0-1"]
[WhiteElo "2306"]
[BlackElo "2297"]
[PlyCount "134"]
[EventDate "2024.05.07"]
[EventType "swiss (blitz)"]
[EventRounds "11"]
[EventCountry "USA"]
[SourceTitle "EXT 2025"]
[Source "ChessBase"]
[SourceDate "2024.10.14"]
[SourceVersion "1"]
[SourceVersionDate "2024.10.14"]
[SourceQuality "1"]

1. e4 c5 2. d4 cxd4 3. Qxd4 Nc6 4. Qd3 g6 5. Nc3 Bg7 6. Nf3 d6 7. Be2 Nf6 8. 0-0 0-0 9. Nd5 Nxd5 10. exd5 Ne5 11. Nxe5 dxe5 12. Qb3 e6 13. c4 exd5 14. cxd5 b6 15. Be3 Bb7 16. Rfd1 Qd6 17. a4 Rfd8 18. Bc4 f5 19. f3 e4 20. fxe4 fxe4 21. Bd4 Bxd4+ 22. Rxd4 Qc5 23. Rad1 Rd6 24. Kh1 Re8 25. Qe3 Re5 26. b4 Qxb4 27. Ba6 Rexd5 28. Rxd5 Rxd5 29. Rxd5 Qb1+ 30. Qg1 Qxg1+ 31. Kxg1 Bxd5 32. Kf2 Kf7 33. Ke3 Bc6 34. Bb5 Bb7 35. Kd4 Ke6 36. g4 Kd6 37. g5 a6 38. Bc4 Bc6 39. Bxa6 e3 40. Bc4 Bxa4 41. Kxe3 Ke5 42. Bg8 Kf5 43. h4 Kg4 44. Bxh7 Be8 45. Bg8 Kxh4 46. Kf4 b5 47. Be6 Kh5 48. Bb3 Bc6 49. Bd1+ Kh4 50. Bc2 Be8 51. Bb3 Kh5 52. Be6 Kh4 53. Bd5 Bd7 54. Be4 Kh5 55. Bf3+ Kh4 56. Bd5 Be8 57. Bb3 b4 58. Bd5 Kh5 59. Be4 Bf7 60. Bc2 b3 61. Bd3 Kh4 62. Bf1 Be6 63. Bd3 Bf5 64. Bxf5 gxf5 65. g6 b2 66. g7 b1Q 67. g8Q Qe4# 0-1

[Event "Titled Tuesday intern op 23rd Apr Early"]
[Site "Chess.com INT"]
[Date "2024.04.23"]
[Round "3"]
[White "Aslanov, Umid Fuad"]
[Black "Peczely, Sebastian Zsombor"]
[Result "1-0"]
[WhiteElo "2239"]
[BlackElo "2310"]
[PlyCount "85"]
[EventDate "2024.04.23"]
[EventType "swiss (blitz)"]
[EventRounds "11"]
[EventCountry "USA"]
[SourceTitle "EXT 2025"]
[Source "ChessBase"]
[SourceDate "2024.10.14"]
[SourceVersion "1"]
[SourceVersionDate "2024.10.14"]
[SourceQuality "1"]

1. e4 c5 2. Nf3 Nc6 3. d4 cxd4 4. Nxd4 e5 5. Nb5 d6 6. c4 a6 7. N5a3 Nf6 8. Nc3 g6 9. Nc2 Bg7 10. Bd3 Bg4 11. f3 Be6 12. 0-0 0-0 13. Be3 Nh5 14. Nd5 Bxd5 15. cxd5 Nd4 16. Nxd4 exd4 17. Bd2 f5 18. a4 fxe4 19. fxe4 Qh4 20. Qe1 Rxf1+ 21. Bxf1 Qf6 22. Bd3 Nf4 23. Qf1 Rf8 24. Bxf4 Qxf4 25. Qxf4 Rxf4 26. Rf1 Bh6 27. b4 Rxf1+ 28. Kxf1 Bd2 29. b5 axb5 30. Bxb5 Kf7 31. Ke2 Ba5 32. Bd7 b6 33. Kd3 Bc3 34. Kc4 Kf6 35. Kb5 Ba5 36. Kc4 Ke5 37. Kd3 Be1 38. Be6 g5 39. Bf5 h5 40. h3 Bc3 41. Kc4 Kf4 42. Bg6 h4 43. Kb5 1-0